00862cam a22002291 450000100060000000300080000600500170001400800410003103500190007204000320009104100080012308200200013110000550015124501160020626000580032230000210038065000300040165000350043194200120046699900170047895201370049530229BD-RjUL20211209051531.0140409s1954 mnu b 000 0 eng  a(BD-RjUL)30314 aDLCcDLCdDLCdBD-RjULbeng aeng00a616.8bMEC 19561 aMeehl, Paul E.q(Paul Everett),d1920-2003.98871610aClinical versus statistical prediction :ba theoretical analysis and a review of the evidence /cPaul E. Meehl. aMinneapolis :bUniversity of Minnesota Press,cc1956. a149 p. ;c23 cm. 0aPsychodiagnostics.988692 0aPrediction (Psychology)921900 2ddccBK c30229d30229 00102ddc4071aRUCLbRUCLcReadingd1958-05-05eMahammad Booksg18.00l0o616.8 MEC 1956r2014-04-09 00:00:00tC-1w2014-04-09yBK